000 00406nam a22001697a 4500
003 koha_MIRAKIL
005 20231213095625.0
008 231213b |||||||| |||| 00| 0 ||| d
040 _aTR-IsEVY
_btur
_cTR-IsEVY
082 _a600 DEM/E
100 _aDEMİRGİL, DEMİR.
245 0 _aEKONOMİ SÖZLÜĞÜ.
260 _bÇağlayan,
_c1989
300 _a127.
650 _aTeknoloji.
942 _2ddc
_cBK
999 _c6731
_d6731